000 00333nam a22001337a 4500
020 _a9789380012544
082 _a664.9
_bMAH/TE
100 _aMahendrakar N.S
_91068
100 _aSachindra N.M
_91069
245 _aTechnology of Muscle Foods
260 _aNew Delhi
_bStudium Press(India) Pvt Ltd
_c2011
300 _a355
942 _cBK
999 _c14613
_d14613